The complete stories

Tallennettuna:
Bibliografiset tiedot
Päätekijä: Edgar Allan Poe
Aineistotyyppi: Kirja
Kieli:Undetermined
Julkaistu: London Everyman's Library 1992
Aiheet:
Tagit: Lisää tagi
Ei tageja, Lisää ensimmäinen tagi!
Thư viện lưu trữ: Trung tâm Học liệu Trường Đại học Cần Thơ
LEADER 00487nam a2200181Ia 4500
001 CTU_27342
008 210402s9999 xx 000 0 und d
082 |a 813.3 
082 |b P743 
100 |a Edgar Allan Poe 
245 4 |a The complete stories 
245 0 |c Edgar Allan Poe 
260 |a London 
260 |b Everyman's Library 
260 |c 1992 
650 |a american literature - 19th century 
904 |i Minh, 981216 
980 |a Trung tâm Học liệu Trường Đại học Cần Thơ